书目信息 |
| 题名: |
地雷战之光
|
|
| 作者: | 于守诚 | |
| 分册: | ||
| 出版信息: | 科学普及出版社 1995. 6 |
|
| 页数: | 234页 | |
| 开本: | 32开 | |
| 丛书名: | ||
| 单 册: | ||
| 中图分类: | E835 | |
| 科图分类: | ||
| 主题词: | 战术学 | |
| 电子资源: | ||
| ISBN: | 7-110-03296-5 | |
| 000 | 00502nam0 2200193 45 | |
| 001 | 0308271076 | |
| 005 | 20030827105643.4 | |
| 010 | @a7-110-03296-5@dRMB8.50 | |
| 100 | @a20030827d1995 km y0chiy0120 ea | |
| 101 | @achi | |
| 105 | @a z 000yy | |
| 200 | 1 | @a地雷战之光@Adi lei zhan zhi guang@f于守诚@Fyu shou cheng |
| 210 | @c科学普及出版社@d1995. 6 | |
| 215 | @a234页@c无图表@d32开 | |
| 606 | 0 | @a战术学 |
| 690 | @aE835@v3 | |
| 701 | 0 | @a于守诚 |
| 801 | @aCN@b@c20030827 | |
| 905 | @aBZT@dE835@e26 | |
| 地雷战之光/于守诚.-科学普及出版社,1995. 6 |
| 234页:无图表;32开 |
| ISBN 7-110-03296-5:RMB8.50 |
| ● |
| 相关链接 |
|
|
|
正题名:地雷战之光
索取号:E835/26
 
预约/预借
| 序号 | 登录号 | 条形码 | 馆藏地/架位号 | 状态 | 备注 |
| 1 | 79757 | 200470622 | 中心书库北库/ 北库004架B面4列6层19/ [索取号:E835/26] | 在馆 | |
| 2 | 79758 | 200470659 | 中心书库北库/ 北库004架B面4列6层2/ [索取号:E835/26] | 在馆 | |
| 3 | 79759 | 200470668 | 中心书库北库/ 北库004架B面4列6层4/ [索取号:E835/26] | 在馆 | |
| 4 | 79760 | 200470631 | 中心书库北库/ 北库004架B面4列6层3/ [索取号:E835/26] | 在馆 | |
| 5 | 79761 | 200470640 | 中心书库北库/ 北库004架B面4列6层18/ [索取号:E835/26] | 在馆 |